Biting the silver bullet : (Record no. 208032)
[ view plain ]
| 000 -LEADER | |
|---|---|
| fixed length control field | 01033 a2200181 4500 |
| 003 - CONTROL NUMBER IDENTIFIER | |
| control field | Nust |
| 005 - DATE AND TIME OF LATEST TRANSACTION | |
| control field | 20221226120023.0 |
| 010 ## - LIBRARY OF CONGRESS CONTROL NUMBER | |
| LC control number | 2013356030 |
| 020 ## - INTERNATIONAL STANDARD BOOK NUMBER | |
| International Standard Book Number | 9789699251429 |
| 040 ## - CATALOGING SOURCE | |
| Transcribing agency | Nust |
| 082 ## - DEWEY DECIMAL CLASSIFICATION NUMBER | |
| Classification number | 355,JAV |
| 100 1# - MAIN ENTRY--PERSONAL NAME | |
| Personal name | Javed, Rana Athar, |
| 9 (RLIN) | 105914 |
| 245 10 - TITLE STATEMENT | |
| Title | Biting the silver bullet : |
| Remainder of title | the role of Pakistani state institutions in war on terror : a collection of analytical articles on National Security, Military, strategic assessment, Pak-US relations, Afghanistan, terrorism and NATO / |
| Statement of responsibility, etc. | Rana Athar Javed. |
| 250 ## - EDITION STATEMENT | |
| Edition statement | First edition. |
| 300 ## - PHYSICAL DESCRIPTION | |
| Extent | 368 pages ; |
| Dimensions | 21 cm |
| 505 ## - FORMATTED CONTENTS NOTE | |
| Formatted contents note | Defining war on terror : the Pakistani perspective (Page-24), Pakistan-US relations and national security (Page-37), Afghanistan and regional peace (Page-125), Security policy and risk societies (Page-185), US, NATO and Afghan Taliban (Page-229), Counterintelligence & internal security (Page-261), Pakistani state institutions and war on terror (Page-299), Conclusion and recommendations (Page-355). |
| 942 ## - ADDED ENTRY ELEMENTS (KOHA) | |
| Source of classification or shelving scheme | |
| Koha item type | Book |
| Call number prefix | 355,JAV |
| Withdrawn status | Lost status | Source of classification or shelving scheme | Damaged status | Not for loan | Permanent Location | Current Location | Shelving location | Date acquired | Total Checkouts | Full call number | Barcode | Date last seen | Date last checked out | Price effective from | Koha item type | Public note |
|---|---|---|---|---|---|---|---|---|---|---|---|---|---|---|---|---|
| Military College of Signals (MCS) | Military College of Signals (MCS) | General Stacks | 12/12/2016 | 2 | 355,JAV | MCS37039 | 02/11/2025 | 01/27/2025 | 12/12/2016 | Book | Almirah No.51, Shelf No.1 |
